Statistics for Northernmost countries in the world

Click here to take the quiz!

General Stats

  • This quiz has been taken 55 times
  • The average score is 10 of 10

Answer Stats

HintAnswer% Correct
2Canada
100%
4Norway
100%
3Russia
100%
7Sweden
100%
6Finland
98%
5United States of America
98%
8Iceland
96%
1Denmark
94%
10Estonia
94%
9United Kingdom
91%

Score Distribution

Percentile by Number Answered

Percent of People with Each Score

Your Score History

You have not taken this quiz